| 000 | 01998nam0a2200373 4500 | ||
|---|---|---|---|
| 001 | RU\NLR\bibl\1031644 | ||
| 005 | 20260607042945.0 | ||
| 010 |
_a5-89349-721-X _bФлинта |
||
| 010 |
_a5-89502-951-5 _bМПСИ _92000 |
||
| 021 |
_aRU _b2006-76101 _93850 |
||
| 035 | _a(NLR Aleph) 001019103 | ||
| 035 | _a(nilc)RSL-KNO-002982183 | ||
| 090 |
_a686986 _c686986 |
||
| 100 | _a20061127d2006 u y0rusy50 ca | ||
| 101 | 0 | _arus | |
| 102 | _aRU | ||
| 105 | _ay zzzz||||| | ||
| 106 | _ar | ||
| 200 | 1 |
_aНаука о переводе _eистория и теория с древнейших времен до наших дней _eучебное пособие _fЛ.Л. Нелюбин, Г.Т. Хухуни _gРоссийская акад. образования, Московский психолого-социальный ин-т |
|
| 210 |
_aМосква _cФлинта _cМосковский психолого-социальный институт _d2006 _eКиров _gДом печати - Вятка |
||
| 215 |
_a412, [1] с. _d20 |
||
| 320 | _aБиблиогр.: с. 392-407 (36 назв.) | ||
| 606 |
_aПеревод (лингв.) _jУчебные издания для высших учебных заведений _91594424 _3RU\NLR\auth\66701106 |
||
| 610 | 0 | _aФилологические науки. Художественная литература -- Языкознание -- Общее языкознание -- Лингвистическая стилистика. Перевод -- Перевод -- Учебные пособия для высшей школы | |
| 686 |
_aШ107.7я73-1 _2rubbk |
||
| 686 | _aШ107.7я7 | ||
| 700 | 1 |
_aНелюбин _bЛ. Л. _gЛев Львович _4070 |
|
| 701 | 1 |
_4070 _7ca _8rus _aХухуни _bГ. Т. _gГеоргий Теймуразович _94461 _3RU\NLR\auth\7721399 |
|
| 801 | 0 |
_aRU _bРКП _c20061127 _grcr |
|
| 801 | 1 |
_aRU _bРГБ _c20061127 |
|
| 801 | 2 |
_aRU _bNLR _c20070117 _grcr |
|
| 942 | _cBOOK | ||
| 980 | _aNB | ||